The power of emotional choice / (Record no. 136290)
[ view plain ]
| 000 -LEADER | |
|---|---|
| fixed length control field | 00746nam a22002297a 4500 |
| 010 ## - LIBRARY OF CONGRESS CONTROL NUMBER | |
| LC control number | B-063102 |
| 020 ## - INTERNATIONAL STANDARD BOOK NUMBER | |
| International Standard Book Number | 8172249403 |
| 035 ## - SYSTEM CONTROL NUMBER | |
| System control number | B-063102 |
| 037 ## - SOURCE OF ACQUISITION | |
| Source of stock number/acquisition | Cen Lib / Ret |
| 040 ## - CATALOGING SOURCE | |
| Original cataloging agency | DPL |
| Language of cataloging | EN |
| 082 ## - DEWEY DECIMAL CLASSIFICATION NUMBER | |
| Classification number | 152.4 |
| Item number | MCK |
| 100 ## - MAIN ENTRY--PERSONAL NAME | |
| Personal name | McKay, Gary D. |
| 9 (RLIN) | 140254 |
| 245 ## - TITLE STATEMENT | |
| Title | The power of emotional choice / |
| Statement of responsibility, etc | by Gary D. McKay [and] Don Dinkmeyer |
| 260 ## - PUBLICATION, DISTRIBUTION, ETC. (IMPRINT) | |
| Place of publication, distribution, etc | Mumai |
| Name of publisher, distributor, etc | Jaico Publishers House |
| Date of publication, distribution, etc | 1994 |
| 270 ## - ADDRESS | |
| Address | 121, Mahatma Gandhi |
| City | Mumai |
| 300 ## - PHYSICAL DESCRIPTION | |
| Extent | 278p ; |
| Dimensions | 27cm(Hb) |
| 650 ## - SUBJECT ADDED ENTRY--TOPICAL TERM | |
| Topical term or geographic name as entry element | Rational choice theory. |
| 9 (RLIN) | 140255 |
| 650 ## - SUBJECT ADDED ENTRY--TOPICAL TERM | |
| Topical term or geographic name as entry element | BUSINESS & ECONOMICS -- Economics -- General. |
| 9 (RLIN) | 140256 |
| 650 ## - SUBJECT ADDED ENTRY--TOPICAL TERM | |
| Topical term or geographic name as entry element | BUSINESS & ECONOMICS -- Reference. |
| 9 (RLIN) | 140257 |
| 700 ## - ADDED ENTRY--PERSONAL NAME | |
| Personal name | Dinkmeyer, Don |
| 9 (RLIN) | 140258 |
| 942 ## - ADDED ENTRY ELEMENTS (KOHA) | |
| Source of classification or shelving scheme | Dewey Decimal Classification |
| Koha item type | English Books |
| Classification part | 152.4 |
| Call number suffix | MCK |
| Withdrawn status | Lost status | Damaged status | Not for loan | Home library | Current library | Date acquired | Source of acquisition | Total Checkouts | Full call number | Barcode | Date last seen | Date checked out | Copy number | Price effective from | Koha item type |
|---|---|---|---|---|---|---|---|---|---|---|---|---|---|---|---|
| Central Library | Central Library | 18/03/2016 | Cen Lib/Ret | 1 | 152.4 MCK | B-063102 | 16/01/2019 | 02/01/2019 | 1 | 18/03/2016 | English Books |
